Statistiques concernant Participants Danse avec les Stars d'Internet - Michou

Cliquez ici pour prendre le quiz!

Statistiques générales

  • Ce quiz a été pris 225 fois
  • Le résultat moyen est 5 sur 6

Statistiques - réponses

DanseursStar% Correct
Anthony ColetteNatoo
95%
Alizée BoisLebouseuh
90%
Jordan MouilleracGaëlle Garcia Diaz
89%
Inès VandammePA Domingo
87%
Elsa BoisNicotine
85%
Christian MilletteBaghera
80%

Distribution des résultats

Percentile par nombre de réponses

% des personnes avec chaque résultat

Votre développement - résultats

Vous n’avez pas pris ce quiz